| 000 | 01091nam a22002295i 4500 | ||
|---|---|---|---|
| 001 | 156080 | ||
| 003 | ES-MaACL | ||
| 005 | 20250831072559.0 | ||
| 008 | 940202s1860 sp a |||| | spa d | ||
| 040 |
_aCAM _bspa |
||
| 100 | 1 |
_aIriarte, Tomás de ( _d1750-1791) _965443 |
|
| 245 | 1 | 0 |
_aLecciones instructivas sobre la historia y la geografía / _cobra póstuma de Tomás de Iriarte... adornada con nueve estampas históricas y geográficas. |
| 250 | _a5ª ed. aumentada con un tratado de moral y, religion ; lecciones de historia eclesiástica y la de España hasta 1860 ; reformada la geografia política ; y adornada con 9 grabs. en madera, por D. Alejandro Gomez Ranera. | ||
| 260 |
_aMadrid : _b[s.n.], _c1860 ( _fImp. de Alejandro Gómez Fuentenebro) |
||
| 300 |
_aVIII, 598 p., [1] map. ; _c16 cm. |
||
| 650 | 0 | 7 |
_aHistoria eclesiástica _2embne _913400 |
| 650 | 4 |
_aEspaña- _xHistoria. _9185483 |
|
| 650 | 7 |
_aGeografía _2embne _913070 |
|
| 700 | 1 |
_aGómez Ranera, Alejandro. _9127702 |
|
| 852 |
_aES-MaACL _jD-3853 _z-- Enc. pasta española |
||
| 999 |
_c156080 _d156080 |
||